[Event "Voronezh op-A 19th"]
[Site "Voronezh"]
[Date "2015.06.15"]
[Round "4"]
[White "Bukavshin, Ivan"]
[Black "Kozionov, Kirill"]
[Result "1-0"]
[WhiteElo "2647"]
[BlackElo "2401"]
[PlyCount "107"]
[EventDate "2015.06.12"]
[EventType "swiss"]
[EventRounds "9"]
[EventCountry "RUS"]
[SourceTitle "CBM 167 Extra"]
[Source "ChessBase"]
[SourceDate "2015.09.14"]
[SourceVersion "1"]
[SourceVersionDate "2015.09.14"]
[SourceQuality "1"]

1. d4 d5 2. c4 c6 3. Nf3 Nf6 4. Nc3 e6 5. e3 Nbd7 6. Qc2 Bd6 7. Bd3 dxc4 8. Bxc4 0-0 9. 0-0 b5 10. Bd3 Bb7 11. a3 h6 12. Rd1 a6 13. e4 e5 14. h3 Qc7 15. Be3 Rfe8 16. Kh1 Rad8 17. Bf1 exd4 18. Nxd4 Bf4 19. Bxf4 Qxf4 20. f3 c5 21. Nf5 Nf8 22. Ne2 Qe5 23. Qc3 Qxc3 24. Nxc3 Ne6 25. a4 b4 26. Na2 a5 27. Bb5 Rf8 28. Nd6 Ba8 29. Nc4 Nd4 30. Nxa5 Nxb5 31. Rxd8 Rxd8 32. axb5 Rb8 33. Nc1 Rxb5 34. Nc4 Bc6 35. Ne5 Bd7 36. Ra8+ Kh7 37. Nxf7 c4 38. Rh8+ Kg6 39. Nd6 c3 40. Nd3 cxb2 41. Nxb2 Rb6 42. Ndc4 Rb5 43. Nd3 b3 44. h4 Kh5 45. Rd8 Rb7 46. e5 Nd5 47. Nc5 Rc7 48. Nxb3 Kxh4 49. Nbd2 Be6 50. Rd6 Nf4 51. Ne3 Bg8 52. Kh2 Ne6 53. Ne4 Kh5 54. Nd5 1-0

[Event "RUS-chT blitz"]
[Site "Sochi"]
[Date "2015.05.10"]
[Round "11.10"]
[White "Bukavshin, Ivan"]
[Black "Najer, Evgeniy"]
[Result "1-0"]
[WhiteElo "2648"]
[BlackElo "2663"]
[PlyCount "81"]
[EventDate "2015.05.10"]
[EventType "team-swiss (blitz)"]
[EventRounds "11"]
[EventCountry "RUS"]
[SourceTitle "CBM 166 Extra"]
[Source "ChessBase"]
[SourceDate "2015.06.18"]
[SourceVersion "1"]
[SourceVersionDate "2015.06.18"]
[SourceQuality "1"]
[WhiteTeam "Samara Ladya"]
[BlackTeam "Moscow Our Heritage"]
[WhiteTeamCountry "RUS"]
[BlackTeamCountry "RUS"]

1. Nc3 d5 2. e3 e5 3. Qh5 Nf6 4. Qxe5+ Be7 5. Nb5 Na6 6. Nd4 Nc5 7. Nf5 Bxf5 8. Qxf5 0-0 9. d3 d4 10. e4 c6 11. Be2 Qa5+ 12. Kf1 Qa4 13. b3 Qb4 14. Bb2 Qd2 15. Rc1 Ne6 16. Nf3 Qh6 17. Qa5 Ng4 18. h3 Nf4 19. Bxd4 Rad8 20. Rd1 b6 21. Qf5 Nf6 22. Be3 Bd6 23. g3 g6 24. Bxf4 Qg7 25. Qg5 Bxf4 26. Qxf4 Nh5 27. Qe5 Qh6 28. Kg2 Rfe8 29. Qg5 Qg7 30. Nd2 Nf6 31. c4 Nd7 32. Qe3 Nc5 33. f4 Ne6 34. Nf3 h6 35. h4 Rd7 36. e5 Red8 37. d4 Qf8 38. h5 Qg7 39. hxg6 fxg6 40. f5 gxf5 41. Qxh6 1-0

[Event "RUS-chT rapid"]
[Site "Sochi"]
[Date "2015.05.09"]
[Round "7.21"]
[White "Bukavshin, Ivan"]
[Black "Potapov, Pavel"]
[Result "1-0"]
[WhiteElo "2648"]
[BlackElo "2477"]
[PlyCount "73"]
[EventDate "2015.05.08"]
[EventType "team-swiss"]
[EventRounds "9"]
[EventCountry "RUS"]
[SourceTitle "CBM 166 Extra"]
[Source "ChessBase"]
[SourceDate "2015.06.18"]
[SourceVersion "1"]
[SourceVersionDate "2015.06.18"]
[SourceQuality "1"]
[WhiteTeam "Samara Ladya"]
[BlackTeam "Yamal YaNAO"]
[WhiteTeamCountry "RUS"]
[BlackTeamCountry "RUS"]

1. d4 f5 2. c4 Nf6 3. Nf3 g6 4. g3 Bg7 5. Bg2 0-0 6. 0-0 d6 7. Nc3 c6 8. b4 e5 9. dxe5 dxe5 10. e4 Qe7 11. Qb3 f4 12. b5 Bg4 13. a4 Nbd7 14. Ba3 c5 15. Rae1 Bxf3 16. Bxf3 g5 17. Nd5 Qf7 18. Nxf6+ Nxf6 19. Bxc5 Rfc8 20. Bd6 Qe6 21. Qa3 Rxc4 22. Rc1 Rxc1 23. Rxc1 Kh8 24. Bg2 Ne8 25. Bc5 g4 26. Qd3 Rc8 27. Ba3 Rxc1+ 28. Bxc1 f3 29. Bf1 Qd6 30. Qc3 Qd7 31. Be3 b6 32. a5 Nd6 33. axb6 axb6 34. Qc6 Qxc6 35. bxc6 Kg8 36. c7 Kf7 37. Ba6 1-0

[Event "RUS-chT rapid"]
[Site "Sochi"]
[Date "2015.05.08"]
[Round "1.18"]
[White "Bykov, Egor"]
[Black "Bukavshin, Ivan"]
[Result "0-1"]
[WhiteElo "2263"]
[BlackElo "2648"]
[PlyCount "78"]
[EventDate "2015.05.08"]
[EventType "team-swiss"]
[EventRounds "9"]
[EventCountry "RUS"]
[SourceTitle "CBM 166 Extra"]
[Source "ChessBase"]
[SourceDate "2015.06.18"]
[SourceVersion "1"]
[SourceVersionDate "2015.06.18"]
[SourceQuality "1"]
[WhiteTeam "Stavropol Region"]
[BlackTeam "Samara Ladya"]
[WhiteTeamCountry "RUS"]
[BlackTeamCountry "RUS"]

1. d4 d5 2. Nf3 Nf6 3. Bf4 c5 4. c3 Nc6 5. e3 Qb6 6. Qb3 c4 7. Qc2 Bf5 8. Qc1 e6 9. Nbd2 Be7 10. h3 0-0 11. Be2 Qd8 12. 0-0 Nd7 13. Re1 Bg6 14. b3 b5 15. a4 a6 16. bxc4 bxc4 17. e4 dxe4 18. Ne5 Ndxe5 19. dxe5 Na5 20. Bd1 Qd5 21. Bc2 Nb3 22. Bxb3 cxb3 23. c4 Qb7 24. Qb2 Rab8 25. Re3 Rfd8 26. Rxb3 Qc7 27. Re1 Rxb3 28. Qxb3 Rb8 29. Qa2 Qc6 30. Be3 Qc7 31. Bd4 Rd8 32. Bc3 Qc6 33. Qb3 Bc5 34. Nf1 h5 35. Ne3 Rd3 36. Rd1 Kh7 37. g4 Bxe3 38. fxe3 Qc5 39. Bd4 Qxd4 0-1

[Event "RUS-chT rapid"]
[Site "Sochi"]
[Date "2015.05.08"]
[Round "3.6"]
[White "Levin, Evgeny A"]
[Black "Bukavshin, Ivan"]
[Result "1/2-1/2"]
[WhiteElo "2518"]
[BlackElo "2648"]
[PlyCount "48"]
[EventDate "2015.05.08"]
[EventType "team-swiss"]
[EventRounds "9"]
[EventCountry "RUS"]
[SourceTitle "CBM 166 Extra"]
[Source "ChessBase"]
[SourceDate "2015.06.18"]
[SourceVersion "1"]
[SourceVersionDate "2015.06.18"]
[SourceQuality "1"]
[WhiteTeam "St Petersburg Hilti"]
[BlackTeam "Samara Ladya"]
[WhiteTeamCountry "RUS"]
[BlackTeamCountry "RUS"]

1. d4 d5 2. c4 e6 3. Nc3 c6 4. e3 Nf6 5. Bd2 Bd6 6. Rc1 0-0 7. c5 Bc7 8. f4 b6 9. b4 a5 10. a3 axb4 11. axb4 bxc5 12. bxc5 Ba6 13. Bxa6 Nxa6 14. Nf3 Ba5 15. 0-0 Bxc3 16. Bxc3 Ne4 17. Ne5 Qe8 18. Ba5 f6 19. Nd3 Naxc5 20. Nxc5 Rxa5 21. Nxe4 dxe4 22. Qc2 f5 23. Qxc6 Qxc6 24. Rxc6 Kf7 1/2-1/2

[Event "RUS-chT 22nd"]
[Site "Sochi"]
[Date "2015.05.04"]
[Round "4.4"]
[White "Andreikin, Dmitry"]
[Black "Bukavshin, Ivan"]
[Result "1/2-1/2"]
[WhiteElo "2723"]
[BlackElo "2618"]
[PlyCount "67"]
[EventDate "2015.05.01"]
[EventType "team-tourn"]
[EventRounds "7"]
[EventCountry "RUS"]
[SourceTitle "CBM 167"]
[Source "ChessBase"]
[SourceDate "2015.07.13"]
[SourceVersion "1"]
[SourceVersionDate "2015.07.13"]
[SourceQuality "1"]
[WhiteTeam "Belorechensk Univ"]
[BlackTeam "Samara Ladya"]
[WhiteTeamCountry "RUS"]
[BlackTeamCountry "RUS"]

1. e4 c5 2. Nf3 e6 3. g3 Nc6 4. Bg2 Nf6 5. d3 d5 6. Nbd2 Be7 7. 0-0 0-0 8. Re1 b5 9. e5 Nd7 10. Nf1 Bb7 11. h4 Qc7 12. Bf4 Rfc8 13. N1h2 Qd8 14. h5 h6 15. c3 a5 16. Qd2 d4 17. Ng4 dxc3 18. bxc3 Bf8 19. Nfh2 Rab8 20. Be4 b4 21. cxb4 axb4 22. Bxh6 gxh6 23. Nxh6+ Bxh6 24. Qxh6 Ncxe5 25. Bh7+ Kh8 26. Bg6+ Kg8 27. Rxe5 Nxe5 28. Bh7+ Kh8 29. Be4+ Kg8 30. Bh7+ Kh8 31. Bg6+ Kg8 32. Bh7+ Kh8 33. Bg6+ Kg8 34. Bh7+ 1/2-1/2